Trump vs. Harris #4 - Statistics

General Stats
  • This quiz has been taken 104 times
    15 since last reset
  • The average score is 32 of 45
Answer Stats
Question Tile Select % Correct
People Donald Trump selected for his Presidential Cabinet Barack Obama No
92%
People Donald Trump selected for his Presidential Cabinet George W. Bush No
92%
People Donald Trump selected for his Presidential Cabinet Kamala Harris No
92%
People Donald Trump selected for his Presidential Cabinet Marco Rubio Yes
92%
People Donald Trump selected for his Presidential Cabinet Pam Bondi Yes
92%
People Donald Trump selected for his Presidential Cabinet Pete Hegseth Yes
92%
People Donald Trump selected for his Presidential Cabinet Taylor Swift No
92%
People Donald Trump selected for his Presidential Cabinet Xi Jinping No
92%
States that Kamala Harris won in the 2024 Presidential Election California Yes
75%
Government positions held by Kamala Harris District Attorney of San Francisco Yes
75%
States that Kamala Harris won in the 2024 Presidential Election Florida No
75%
Children of Donald Trump George No
75%
Swing states in the 2024 Election Michigan Yes
75%
States that Kamala Harris won in the 2024 Presidential Election Minnesota Yes
75%
States that Kamala Harris won in the 2024 Presidential Election Pennsylvania No
75%
Government positions held by Kamala Harris Prime Minister No
75%
Government positions held by Kamala Harris U.S. Army 5-Star General No
75%
Government positions held by Kamala Harris U.S. President No
75%
Government positions held by Kamala Harris U.S. Secretary of Defense No
75%
Government positions held by Kamala Harris U.S. Vice President Yes
75%
Government positions held by Kamala Harris Attorney General of California Yes
67%
Children of Donald Trump Barron Yes
67%
Swing states in the 2024 Election California No
67%
Children of Donald Trump Devin No
67%
Children of Donald Trump Donald Trump Jr. Yes
67%
Children of Donald Trump Emily No
67%
Children of Donald Trump Eric Yes
67%
Children of Donald Trump Harry No
67%
Children of Donald Trump Melania No
67%
States that Kamala Harris won in the 2024 Presidential Election Montana No
67%
Swing states in the 2024 Election Nevada Yes
67%
Swing states in the 2024 Election New Mexico No
67%
Swing states in the 2024 Election New York No
67%
States that Kamala Harris won in the 2024 Presidential Election Ohio No
67%
Swing states in the 2024 Election Pennsylvania Yes
67%
People Donald Trump selected for his Presidential Cabinet Scott Bessent Yes
67%
Government positions held by Kamala Harris U.S. Secretary of State No
67%
Government positions held by Kamala Harris U.S. Senator Yes
67%
States that Kamala Harris won in the 2024 Presidential Election Washington Yes
67%
States that Kamala Harris won in the 2024 Presidential Election Colorado Yes
58%
Swing states in the 2024 Election Georgia Yes
58%
States that Kamala Harris won in the 2024 Presidential Election Oregon Yes
58%
Children of Donald Trump Tiffany Yes
58%
Swing states in the 2024 Election Wisconsin Yes
50%
Swing states in the 2024 Election North Carolina No
42%
No matching quizzes found
Score Distribution
Percent of People with Each Score
Percentile by Number Answered
Your Score History
You have not taken this quiz since the last reset